Συνεργατισμός
Αποθηκεύτηκε σε:
| Συγγραφή απο Οργανισμό/Αρχή: | |
|---|---|
| Άλλοι συγγραφείς: | |
| Μορφή: | Πρακτικό Συνεδρίου Βιβλίο |
| Γλώσσα: | Greek |
| Δημοσίευση: |
[Αθήνα] :
Παπαζήσης,
[χ.χ.]
|
| Θέματα: | |
| Ετικέτες: |
Προσθήκη ετικέτας
Δεν υπάρχουν, Καταχωρήστε ετικέτα πρώτοι!
|
MARC
| LEADER | 00000nam a2200000 i 4500 | ||
|---|---|---|---|
| 001 | 1/44189 | ||
| 008 | 960425s1975 gre d | ||
| 035 | |l 10025922 | ||
| 040 | |a GR-MY-UA |b gre |e aacr | ||
| 041 | 0 | |a gre | |
| 082 | 0 | |a 334 | |
| 111 | 2 | |a Διεθνές γραφείον εργασίας. | |
| 245 | 1 | 0 | |a Συνεργατισμός / |c μετάφραση Νικ.Πολύζου |
| 260 | |a [Αθήνα] : |b Παπαζήσης, |c [χ.χ.] | ||
| 300 | |a 175 σ. | ||
| 650 | 0 | 0 | |a Cooperative societies. |
| 700 | 1 | |a Πολύζος, Νικόλαος Ι. |4 trl | |
| 852 | |a INST |b CHIOS |e 19960425 |h 334 ΤΖΩ |p 005200000351 |q 005200000351 |t BK |y 0 | ||
| 909 | |a Χ |b 003657 | ||